Dissertationes iuris controversi in Hispalensi Senatu ... (Registro nro. 73514)

Detalles MARC
000 -ENCABEZADO
Número de control [NR] 02363nam a2200301Ia 4500
005 - FECHA Y HORA DE LA ÚLTIMA TRANSACCIÓN
control field 20190911154524.0
008 - DE LONGITUD FIJA DE DATOS DE ELEMENTOS - INFORMACIÓN GENERAL
Elementos de longitud fija [NR] 130821s1638 sp fr 1 latsu
040 ## - FUENTE DE CATALOGACION [NR]
Agencia de catalogación original [NR] Co-BoUCM
Idioma de catalogación [NR] spa
Quien Cataloga Sandra Yazo
Quien Clasifica Sandra Yazo
041 0# - CODIGO DE IDIOMA [R]
Código de idioma para texto/pista de sonido o título separado [R] Latín
082 04 - NUMERO DE CLASIFICACION DECIMAL DEWEY [R]
Número de clasificación [R] 340.5946
Número de la edición [NR] 20
092 ## - SIGNATURA TOPOGRAFICA LOCAL
Número de clasificación local E10N053
100 1# - ASIENTO PRINCIPAL--NOMBRE PERSONAL [NR]
Nombre personal [NR] Vela, José
ID Autoridad 66624
242 00 - TRADUCCION DEL TITULO POR LA AGENCIA CATALOGADORA [R]
Título [NR] Disertaciones sobre discusiones jurídicas en el Supremo Consejo de Sevilla
Mención de responsabilidad, etc. [NR] Autor D. D. José Vela
Código de idioma del título traducido [NR] spa
245 10 - MENCION DE TITULO [NR]
Título [NR] Dissertationes iuris controversi in Hispalensi Senatu ...
Mención de responsabilidad, etc. [NR] Authore D. D. Iosepho Vela
260 ## - PUBLICACION, DISTRIBUCION, ETC. (PIE DE IMPRENTA) [R]
Lugar de publicación, distribución, etc. [R] Granatae [Granada] (España)
Nombre del editor, distribuidor, etc. [R] Apud Vincentium Aluarez a Mariz [En los talleres de Vicente Álvarez de Mariz]
Fecha de publicación, distribución, etc. [R] 1638
300 ## - DESCRIPCION FISICA [R]
Extensión [R] [16], 260, [50] folios
Dimensiones [R] 30 x 21 cm.
500 ## - NOTA GENERAL [R]
Nota general [NR] Detalles físicos: Encuadernación flexible en pergamino. Tapas y lomo con pergamino arrugado, manchado y roto. Ejemplar desencuadernado. Sin guarda delantera, la guarda posterior con texto impreso anterior y una de ellas desprendida. Portada impresa en una sola tinta con un grabado de un escudo heráldico del Conde-duque de Olivares, marcado (I. de Courbes) y anotaciones manuscritas. Licencias y permisos. Privilegio real. Tasación. Fe de erratas. Dedicatoria. Palabras al lector. Versos latinos de elogio al autor y su obra. Índice inicial. Antes del Folio 1 un grabado del autor, marcado (I. de Courbes). Cenefas. Mayúsculas capitales. Texto impreso en dos columnas con varios tipos y tamaños de letra. Sumarios iniciales y párrafos numerados. Signaturas y reclamos. Ejemplar descuadernado, varias hojas sueltas (folios 120, 156). Folio 252 rotura que afecta el texto. Perforaciones de insectos (fol. 29). Fol. 257 rasgado. Bordes de página muy irregulares. Varios subrayados y anotaciones marginales
505 0# - NOTA DE CONTENIDO CON FORMATO PREESTABLECIDO [R]
Nota de contenido con formato preestablecido [NR] Disertaciones 1 – 26
506 ## - NOTA DE RESTRICCIONES DE ACCESO [R]
Condiciones de acceso [NR] Consulta en sala
520 ## - NOTA DE RESUMEN, ETC. [R]
Nota de sumario, etc. [NR] Doctrina y jurisprudencia del Consejo Supremo de Granada
546 ## - NOTA DE IDIOMA [R]
Nota de idioma [NR] Texto en latín
650 #7 - ASIENTO SECUNDARIO DE MATERIA - TERMINO TEMATICO [R]
Término temático o nombre geográfico como elemento de entrada [NR] Derecho eclesiastico
Subdivisión general [R] Obras anteriores a 1800
9 (RLIN) 29561
650 #7 - ASIENTO SECUNDARIO DE MATERIA - TERMINO TEMATICO [R]
Término temático o nombre geográfico como elemento de entrada [NR] Derecho civil
Subdivisión general [R] Obras anteriores a 1800
9 (RLIN) 29560
653 ## - TERMINO DE INDIZACION - NO CONTROLADO [R]
Término de indización no controlado [R] Ambos derechos
690 ## - ASUNTO AGREGADO LOCAL DE ENTRADA - TÉRMINO TEMÁTICO (OCLC, RLIN)
Acceso temático local Derecho civil
9 (RLIN) 12711
856 ## - LOCALIZACION Y ACCESO ELECTRONICOS [R]
Identificador Uniforme del Recurso (“URI”) [R] <a href="http://www.bibliotecavirtualdeandalucia.es/catalogo/es/catalogo_imagenes/grupo.cmd?path=1000031&interno=S&registrardownload=0&posicion=1&presentacion=pagina">http://www.bibliotecavirtualdeandalucia.es/catalogo/es/catalogo_imagenes/grupo.cmd?path=1000031&interno=S&registrardownload=0&posicion=1&presentacion=pagina</a>
Nota dirigida al público [R] Disponible en línea
942 ## - ELEMENTOS DE ENTRADA AGREGADOS (KOHA)
Tipo de ítem principal el descrito en 300a Libro
Tema principal 8
Edición 1
Sistema de clasificación LOCAL
Clasificación E10N053
Existencias
Suprimido Perdido Sistema de clasificación Dañado No prestable Tipo de ítem específico Ubicación habitual Ubicación actual Localización Fecha de creación Forma de adquisición Costo Total préstamos Signatura topográfica Código de barras Última vez visto Ejemplar Price effective from Tipo de ítem
    LOCAL     Libro archivo Archivo Histórico Archivo Histórico Archivo histórico 28/02/2014 Donación 0.00   E10N053 L001620 15/12/2012 Ej.1 03/02/2013 Libro